Capitali più vicine a Roma - Morte improvvisa - Statistics

Statistiche generali
  • Questo quiz è stato fatto 181 volte
  • Il punteggio medio è 4 su 10
Answers on the Grid
Answers color-coded by a green-red scale on the quiz's grid according to % correct below.
Città del Vaticano
Città di San Marino
Monaco
Lubiana
Zagabria
Sarajevo
Podgorica
Tunisi
Tirana
Vaduz
Berna
Belgrado
Skopje
Bratislava
Budapest
Sofia
Madrid
Parigi
Atene
Oslo
Londra
Casablanca
Ankara
Minsk
 
Statistiche sulle risposte
Risposta % Corretto
Città del Vaticano
77%
Città di San Marino
67%
Monaco
46%
Tirana
45%
Zagabria
30%
Lubiana
29%
Tunisi
25%
Vaduz
24%
Sarajevo
22%
Podgorica
11%
Nessun quiz corrispondente trovato
Distribuzione punteggi
Percentuale di utenti per punteggio
Percentile per numero di risposta
I tuoi punteggi nel tempo
Non hai fatto questo quiz